| 000 | 00000nam 2200000za 4500 |
| 001 | 9.837961 |
| 003 | CaOODSP |
| 005 | 20250910142446 |
| 007 | cr ||||||||||| |
| 008 | 170608s2014 onc #o f000 0 fre d |
| 040 | |aCaOODSP|bfre |
| 043 | |an-cn--- |
| 086 | 1 |aD2-525/2014F-PDF |
| 245 | 00|aHorizons nouveaux |h[ressource électronique] : |bune initiative de l'Aviation royale canadienne visant à rassembler l'ARC, l'industrie et les universités canadiennes afin d'explorer des solutions novatrices pour répondre aux besoins futurs de puissance aérienne du Canada : concept d'opération. |
| 246 | 17|aCONOPS Initiative horizons nouveaux |
| 246 | 16|aConcept d'opération de l'Initiative horizons nouveaux |
| 260 | |a[Ottawa] : |bDéfense nationale, |c2014. |
| 300 | |a10 p. : |bcharte (en coul.) |
| 500 | |aPubli. aussi en anglais sous le titre : Emerging skies, a Royal Canadian Air Force initiative bringing together the RCAF, industry and academia, to jointly explore innovatie solutions for Canada's future air-power needs, concept of operations. |
| 500 | |aTitre de la couv. |
| 500 | |a« 17 février 2014 ». |
| 520 | |a« Le présent concept d’opération (CONOPS) décrit le fonctionnement et le processus général de l’initiative Horizons nouveaux (IHN). Ce document vise à définir les rôles et les responsabilités des divers intervenants et à établir les attentes concernant les résultats de ce processus. Il présente aussi la structure générale du cadre et de l’approche qui sont utilisés pour atteindre les objectifs de cette initiative »--Introduction, p. 1. |
| 692 | 07|2gccst|aIndustrie de l'aéronautique |
| 710 | 1 |aCanada. |bMinistère de la défense nationale. |
| 775 | 08|tEmerging skies |w(CaOODSP)9.837949 |
| 856 | 40|qPDF|s248 Ko|uhttps://publications.gc.ca/collections/collection_2017/mdn-dnd/D2-525-2014-fra.pdf |